Normal view MARC view

Entry Topical Term

Number of records used in: 21

001 - CONTROL NUMBER

  • control field: 20673

003 - CONTROL NUMBER IDENTIFIER

  • control field: OSt

005 - DATE AND TIME OF LATEST TRANSACTION

  • control field: 20230226214625.0

008 - FIXED-LENGTH DATA ELEMENTS

  • fixed length control field: 230226|| aca||aabn | a|a d

040 ## - CATALOGING SOURCE

  • Original cataloging agency: OSt
  • Transcribing agency: OSt

150 ## - HEADING--TOPICAL TERM

  • Topical term or geographic name entry element: ထမ်းဝႆႈၽြႃး

670 ## - SOURCE DATA FOUND

  • Source citation: Work cat.: (OSt): ၸဝ်ႈသြႃႇဝီႇရိယ ၶပ်းၶိုင်ဢွၵ်ႇ- 20672, ထမ်းဝႆႈၽြႃးၸဝ်ႈၵၢင်ၶမ်ႈဝတ်ႉၽထၢတ်ႈတွၼ်းႁိူင်းမိူင်းၽူင်း, 2002

Library - 09407999929
Admin Office - 09407999979
Dean Office - 09250910768
Registrar Office - 09892297154
Email - [email protected]
Shan State Buddhist University, Phaya Phyu Taunggyi, Shan State, Myanmar.